NFL Draft 2022 First Round Picks - Statistiken

Allgemein
  • Dieses Quiz wurde 258 mal gespielt
  • Das Durchschnittsergebnis liegt bei 18 aus 32
Antwortstatistiken
Nr. Team Position Name % Korrekt
2 Lions DE Aidan Hutchinson
92%
4 Jets CB Sauce Gardner
88%
1 Jaguars DE Travon Walker
87%
20 Steelers QB Kenny Pickett
83%
8 Falcons WR Drake London
82%
11 Saints WR Chris Olave
79%
3 Texans CB Derek Stingley Jr.
79%
10 Jets WR Garrett Wilson
79%
12 Lions WR Jameson Williams
71%
14 Ravens S Kyle Hamilton
69%
5 Giants EDGE Kayvon Thibodeaux
65%
7 Giants OT Evan Neal
63%
16 Commanders WR Jahan Dotson
59%
9 Seahawks OT Charles Cross
58%
18 Titans WR Treylon Burks
58%
13 Eagles DT Jordan Davis
57%
21 Chiefs CB Trent McDuffie
56%
25 Ravens C Tyler Linderbaum
53%
30 Chiefs DE George Karlaftis
52%
6 Panthers OT Ikem Ekwonu
50%
26 Jets DE Jermaine Johnson II
46%
23 Bills CB Kaiir Elam
44%
22 Packers LB Quay Walker
43%
19 Saints OT Trevor Penning
43%
31 Bengals S Daxton Hill
40%
32 Vikings S Lewis Cine
37%
29 Patriots G Cole Strange
36%
27 Jaguars LB Devin Lloyd
36%
15 Texans G Kenyon Green
36%
24 Cowboys OT Tyler Smith
36%
17 Chargers G Zion Johnson
33%
28 Packers DT Devonte Wyatt
32%
Keine übereinstimmenden Quizze gefunden
Verteilung der Resultate
Anzahl Personen mit jedem Resultat
Perzentil nach korrekt beantworteten Fragen
Ihre Resultats-Entwicklung
Sie haben dieses Quiz noch nicht gespielt